Statistics for Win the South American Presidential Election

Click here to take the quiz!

General Stats

  • This quiz has been taken 317 times
  • The average score is 457 of 500

Answers on the Map

Answers color-coded by a green-red scale on the quiz's map according to % correct below.
 

Answer Stats

HintAnswer% Correct
246Brazil
99%
53Argentina
98%
22Chile
94%
38Peru
93%
59Colombia
86%
33Venezuela
72%
13Bolivia
71%
20Ecuador
68%
4Uruguay
60%
8Paraguay
57%
1Guyana
40%
1Suriname
34%
1French Guiana
7%
1Falkland Islands
1%

Score Distribution

Percentile by Number Answered

Percent of People with Each Score

Your Score History

You have not taken this quiz